| 000 | 00597nam a22001697a 4500 | ||
|---|---|---|---|
| 999 |
_c356116 _d356116 |
||
| 003 | NUST | ||
| 005 | 20180123145937.0 | ||
| 008 | 180123b xxu||||| |||| 00| 0 eng d | ||
| 040 | _c0 | ||
| 082 | _a11 MAN | ||
| 245 | _aModerl 43A Pulsed Fluorescent Ambient so2 Analyzer Instruction Manual | ||
| 260 |
_aFranklin Massachusetts _bThermo Environmental Instruments _c1975 |
||
| 300 | _a46p. | ||
| 500 | _aPhotocopy | ||
| 942 |
_2ddc _cBK _kIESE |
||